Find Five 'O' Things Quiz Stats

 Plays Quiz Updated Feb 11, 2018

Score 0/50 Timer 05:00
24 Plays Today
% Correct
Oakland
96.7%
Oklahoma City
96.5%
Oboe
92.4%
Owl
87.1%
Ostrich
87.1%
Omaha
85.4%
Octagon
84.2%
Opera
83.7%
Obtuse Triangle
82.5%
Octocontrabass clarinet
81.4%
Opal
81.4%
Operetta
81.3%
Osprey
81.2%
Olive
80.9%
Organ
80.6%
Onyx
80.3%
Orangutan
80.1%
Oval
79%
Othello
78.8%
Opossum
77.8%
Overture
76.6%
Octave Mandolin
76.2%
Ocelot
76%
Ohio
74.9%
Ophelia
74.7%
% Correct
Oceanside
72.4%
Oblong
71.9%
Obsidian
71.3%
Oriole
70.5%
Octagram
70.1%
Octavia
66.4%
Okapi
65%
Olivia
64.4%
Orinoco
59.9%
Olivedrab
57.9%
Oystercatcher
56.7%
Oberon
56.3%
Oratorio
55.2%
Orchid
52.1%
Ocarina
51.8%
Oxnard
51.7%
Onager
51%
Okavango
50.8%
Orangered
44.6%
Orontes
40.9%
Ob
39.6%
Olivine
38.1%
Organum
25.1%
Oldlace
21%
Orthoclase
20.8%

You're not logged in!

Compare scores with friends on all Sporcle quizzes.
OR
Log In

You Might Also Like...

Show Comments

Extras

Top Quizzes Today


Score Distribution

Your Account Isn't Verified!

In order to create a playlist on Sporcle, you need to verify the email address you used during registration. Go to your Sporcle Settings to finish the process.

Report this User

Report this user for behavior that violates our Community Guidelines.

Details: